Odborný slovník anglicko-český a česko-anglický : Ekologie a ochrana životního prostředí

Gespeichert in:
Bibliographische Detailangaben
Hauptverfasser: Křivka, Pavel (Verfasst von), Růžička, Jiří (Verfasst von)
Format: Buch
Veröffentlicht: Praha : LOXIA, 1999
Ausgabe:1.
Schlagworte:
Tags: Tag hinzufügen
Keine Tags, Fügen Sie das erste Tag hinzu!

MARC

LEADER 00000nam a22000003a 4500
001 stu51985
005 20150617225707.1
008 000210s1999----xr----------------------d
020 |a 80-902541-0-1 
040 |a STU  |b slo 
041 0
044 |a xr 
080 |a 801.323.2=20=850=20:504 
100 1 |a Křivka, Pavel  |4 aut 
245 1 |a Odborný slovník anglicko-český a česko-anglický :  |b Ekologie a ochrana životního prostředí 
250 |a 1. 
260 |a Praha :  |b LOXIA,  |c 1999 
300 |a 917 s 
650 7 |a Slovníky odborné anglicko-české a česko-anglické  |2 stusub 
650 7 |a Ekológia-slovníky jazykové  |2 stusub 
700 1 |a Růžička, Jiří  |4 aut 
996 |b 284M000397  |c M*10341-1  |l MMKN  |s A  |a 24  |w stu51985_0001